Nyilvános köszönet

Text verejného poďakovanie zo strany Humenského dobročinného židovského ženského spolku (A homonnai Izraelita Jótékony Nőegylet) za finančnú podporu, ktorú dostali z výťažku z koncertu na ktorom o.i. vystúpil aj spevokol úradníkov uhorských štátnych železníc z Miskolca. Výška príspevku bola 53 korún...

Celý popis

Podrobná bibliografia
Hlavný autor: Az izr. jótek. nőegylet elnöksége (Author)
Médium: Článok
Jazyk:Hungarian
Témy:
Zdroj: 1. Homonna és Vidéke : Hetilap 1. Roč. 13, č. 26 (22.06.1913) s. 3
LEADER 01262nab#a2200325#ar4500
001 000071977
003 SVKKK
005 20020115xxxxxxx.
008 06 c xo huno
FMT
038 |a SVKKK 
040 |a SVKKK  |b slo  |e AACR2 
041 0 |a hun 
044 |a xo  |c SK 
080 |a 396(=296) 
100 0 |a Az izr. jótek. nőegylet elnöksége  |4 aut 
242 1 0 |a Verejné poďakovanie 
245 1 0 |a Nyilvános köszönet  |c Az izr. jótek. nőegylet elnöksége 
500 |a mikrofilm 
520 2 |a Text verejného poďakovanie zo strany Humenského dobročinného židovského ženského spolku (A homonnai Izraelita Jótékony Nőegylet) za finančnú podporu, ktorú dostali z výťažku z koncertu na ktorom o.i. vystúpil aj spevokol úradníkov uhorských štátnych železníc z Miskolca. Výška príspevku bola 53 korún a 59 halierov. 
650 0 4 |a poďakovanie verejné - Humenský dobročinný židovský ženský spolok (predkladateľ) - príspevok finančný - Humenné - 19.06.1913 - texty 
773 0 |t Homonna és Vidéke : Hetilap  |g Roč. 13, č. 26 (22.06.1913) s. 3 
957 |a Humenné 
958 |a CI 
958 |a DG 
958 |a SK 
974 |a Ba  |d 20020115 
992 |a RBX 
BAS
998 |a RETRO